000 00279nam a22001217a 4500
008 170504b xxu||||| |||| 00| 0 eng d
041 _aeng
080 _a34
100 _a13
101 _aSHJ
245 _aMILITARY JUSTICE CASES AND MATERIAKS
_cFIDELL.E.R
942 _2udc
_cBK
999 _c12618
_d12618